Human resource management in an international context

Bibliographic Details
Main Authors: Lucas, Rosemary (Author), Lupton, Ben (Author), Mathieson, Hamish (Author)
Format: Book
Language:English
Published: London : Chartered Institute of Personnel and Development , c2006
Subjects:

MARC

LEADER 00000cam a2200000 7i4500
001 0000057789
005 20090223093000.0
008 080527s2006 enk eng
020 |a 1843981092 (pbk.) 
020 |a 9781843981091 (pbk.) 
090 0 0 |a HF5549.5.E45   |b .L83 2006 
100 1 |a Lucas, Rosemary ,   |e author 
245 1 0 |a Human resource management in an international context   |c Rosemary Lucas, Ben Lupton and Hamish Mathieson 
260 |a London :   |b Chartered Institute of Personnel and Development ,   |c c2006 
300 |a xxi, 377 p. ;   |c 25 cm. 
504 |a Includes bibliographical references and index 
505 0 |a 1. Employment and human resource management -- 2. Work organisation, flexibility and culture -- 3. Recruiting, managing and developing people -- 4. Regulation and employment relations -- 5. Corporate governance, justice and equity. 
650 0 |a International business enterprises   |x Personnel management 
650 0 |a Personnel management 
700 1 |a Lupton, Ben ,   |e author 
700 1 |a Mathieson, Hamish ,   |e author 
999 |a 1000117354   |b Book   |c OPEN SHELF (30 DAYS)   |e Gong Badak Campus